000 00842nam a2200253 i 4500
001 bg
100 1 _aŁACZEK, Stanisław
245 1 0 _aWprowadzenie do systemu elementów skończonych ANSYS (Ver. 5.0 i 5-ED) /
_cStanisław Łaczek ; Politechnika Krakowska im. Tadeusza Kościuszki
260 _aKraków :
_bPK,
_c1999.
300 _a162 s. :
_brys., wykr. ;
_c24 cm.
504 _aBibliogr. s. 111.
650 9 _aANSYS
650 9 _aMetoda elementów skończonych
_xstosowanie
650 9 _aWytrzymałość materiałów
_xbadanie
655 _aPodręczniki akademickie
710 0 _aPolitechnika Krakowska im. Tadeusza Kościuszki
020 _a8372420491
040 _cBPK
041 0 _apl
080 _a539.4:004.42:519.61/.64](075.8)
920 _a83-7242-049-1
942 _cKS
008 s pl f |000 0 pol
999 _c38327
_d38327
856 _uhttp://koha.tu.koszalin.pl/cgi-bin/koha/opac-detail.pl?biblionumber=38327
_yKatalog online BPK